LEADER 00598nab a2200157 i 4500 001 000000259808 003 CaOOAMICUS 005 20050208000000.0 008 050208n xx uu u0 0und r 013 $a476 040 $aSeMil$bita 100 1 $aDonella, Valentino.$0(OLS)http://semarc/name/83648 245 10$aMessa Petrina :$bper coro a 4 voci miste, Solo Assemblea ed Organo. 500 $aGENNAIO 2005 - Supplemento. 773 0 $tCantet vox, cantet vita.$dRoma : AISC, stampa 2005.$w()112905 996 $6245$aMessa Petrina :$bper coro a 4 voci miste, Solo Assemblea ed Organo.$9(OLS)http://semarc/title/354805 LEADER 01262nam a2200265 i 4500 001 000000041279 003 CaOOAMICUS 005 20110408000000.0 008 110408s1992 it u000 u ita u 013 $a12449 020 $a88-399-2349-7 040 $aSeMil$bita 100 1 $aCargnel, Antonietta.$0(OLS)http://semarc/name/20247 245 10$aRicerca multidisciplinare su AIDS e tossicodipendenza :$bProblemi, esperienze, prospettive /$cAntonietta Cargnel e Maria Assunta Vicini (edd.) ; Gruppo di ricerca: Eliana Adler Segre ... [et al.]. 260 $aBrescia :$bQueriniana,$ccopyr. 1992. 300 $a292 p., [3] p. di tav. ;$c21 cm. 650 4$aAIDS.$0(OLS)http://semarc/subject/8222 700 1 $aAdler Segre, Eliana.$0(OLS)http://semarc/name/20289 700 1 $aVicini, Maria Assunta.$0(OLS)http://semarc/name/20248 850 $aSeMil 852 $aSeMil$W1$xVenegono$y1$m3XK III 26$j7434$B7434$CSeMilBibl$Z2$F7434 $81 961 $aOmaggio: Zago don Maurizio 996 $6020$a88-399-2349-7$9(OLS)http://semarc/number/11977 996 $6245$aRicerca multidisciplinare su AIDS e tossicodipendenza :$bProblemi, esperienze, prospettive$9(OLS)http://semarc/title/59708 996 $6260$aBrescia :$bQueriniana$9(OLS)http://semarc/publisher/29615